[Event "Lisbon Portugal op"]
[Site "Lisbon"]
[Date "2017.02.07"]
[Round "6"]
[White "Martinez Lopez, Jaime"]
[Black "Serrano Martinez, Francisco Jose"]
[Result "1-0"]
[WhiteElo "2041"]
[BlackElo "1855"]
[PlyCount "61"]
[EventDate "2017.02.04"]
[EventType "swiss"]
[EventRounds "9"]
[EventCountry "POR"]
[SourceTitle "CBM 176 Extra"]
[Source "ChessBase"]
[SourceDate "2017.03.02"]
[SourceVersion "1"]
[SourceVersionDate "2017.03.02"]
[SourceQuality "1"]

1. d4 Nf6 2. Bg5 e6 3. e3 c5 4. c3 cxd4 5. exd4 Be7 6. Nd2 0-0 7. Bd3 Nd5 8. h4 f5 9. Nh3 Nc6 10. Qf3 Rb8 11. Nf4 Nxf4 12. Bxf4 d6 13. Nc4 b5 14. Ne3 Bb7 15. Qg3 Kh8 16. Rd1 e5 17. Nxf5 Rxf5 18. Bxf5 exf4 19. Qxf4 Bf6 20. Bb1 Qd7 21. Rh3 Re8+ 22. Kf1 b4 23. h5 h6 24. Qg3 Ba6+ 25. Kg1 Ne7 26. b3 bxc3 27. Qxc3 Nd5 28. Qc2 g5 29. hxg6 Qg7 30. Qc6 Bb7 31. Qxe8+ 1-0

[Event "Sitges Sunway op-B 2nd"]
[Site "Sitges"]
[Date "2015.12.19"]
[Round "8"]
[White "Ritter Aguilar, Jordi"]
[Black "Serrano Martinez, Francisco Jose"]
[Result "1-0"]
[WhiteElo "1880"]
[BlackElo "1875"]
[PlyCount "27"]
[EventDate "2015.12.13"]
[EventType "swiss"]
[EventRounds "9"]
[EventCountry "ESP"]
[SourceTitle "CBM 170 Extra"]
[Source "ChessBase"]
[SourceDate "2016.02.25"]
[SourceVersion "1"]
[SourceVersionDate "2016.02.25"]
[SourceQuality "1"]

1. c4 e6 2. e4 d5 3. exd5 exd5 4. d4 Nf6 5. Nf3 Bb4+ 6. Bd2 Qe7+ 7. Be2 0-0 8. 0-0 Bg4 9. c5 Nc6 10. Bg5 Rfe8 11. Bb5 a5 12. a3 Bxf3 13. gxf3 Be1 14. Be3 1-0

[Event "Sitges Sunway op-B 2nd"]
[Site "Sitges"]
[Date "2015.12.15"]
[Round "4"]
[White "Joao, Amaral"]
[Black "Serrano Martinez, Francisco Jose"]
[Result "1-0"]
[WhiteElo "1941"]
[BlackElo "1875"]
[PlyCount "79"]
[EventDate "2015.12.13"]
[EventType "swiss"]
[EventRounds "9"]
[EventCountry "ESP"]
[SourceTitle "CBM 170 Extra"]
[Source "ChessBase"]
[SourceDate "2016.02.25"]
[SourceVersion "1"]
[SourceVersionDate "2016.02.25"]
[SourceQuality "1"]

1. d4 Nf6 2. Bf4 g6 3. Nf3 Bg7 4. Qc1 0-0 5. Bh6 c5 6. Bxg7 Kxg7 7. e3 cxd4 8. exd4 Nc6 9. Be2 e5 10. dxe5 Nxe5 11. Nxe5 Qa5+ 12. Nc3 Qxe5 13. 0-0 d5 14. Bf3 Bf5 15. Re1 Ne4 16. g4 Qd4 17. Qe3 Qxe3 18. Rxe3 Be6 19. Nxe4 dxe4 20. Rxe4 Rac8 21. c3 Rfd8 22. Ra4 Rd2 23. Rb1 b5 24. Rxa7 b4 25. cxb4 Rcc2 26. Be4 Rc4 27. Re1 Rxb4 28. b3 Bxg4 29. Re3 h5 30. Kg2 Rdd4 31. Bd3 Bd7 32. Bc4 Rg4+ 33. Rg3 Bc6+ 34. Kf1 Rf4 35. Re3 Bf3 36. Ree7 Rfxc4 37. bxc4 Rb1+ 38. Re1 Bg2+ 39. Ke2 Bf3+ 40. Kd2 1-0

[Event "Colmenarejo Autumn op"]
[Site "Colmenarejo"]
[Date "2015.10.04"]
[Round "3"]
[White "Serrano Martinez, Francisco Jose"]
[Black "Rijpkema, Rimme"]
[Result "1-0"]
[WhiteElo "1880"]
[BlackElo "1586"]
[PlyCount "71"]
[EventDate "2015.09.20"]
[EventType "swiss"]
[EventRounds "7"]
[EventCountry "ESP"]
[SourceTitle "EXT 2019"]
[Source "ChessBase"]
[SourceDate "2018.10.10"]
[SourceVersion "1"]
[SourceVersionDate "2018.10.10"]
[SourceQuality "1"]

1. d4 e6 2. c4 Nf6 3. Nf3 b6 4. a3 Bb7 5. Nc3 Be7 6. Qc2 0-0 7. e4 d6 8. Bd3 h6 9. 0-0 Nbd7 10. b4 c5 11. d5 Rc8 12. b5 Ng4 13. Bf4 e5 14. Bg3 Ngf6 15. Nd2 Nh5 16. Ne2 g5 17. a4 f6 18. Nb3 a5 19. bxa6 Bxa6 20. Nc3 Qc7 21. Nb5 Bxb5 22. axb5 Ra8 23. Be2 Ng7 24. Ra2 h5 25. h4 Rxa2 26. Qxa2 g4 27. Ra1 f5 28. exf5 Nxf5 29. Qc2 Bxh4 30. Qe4 Bxg3 31. fxg3 Qc8 32. Rf1 Nxg3 33. Qg6+ Kh8 34. Bd3 Rxf1+ 35. Bxf1 Nxf1 36. Qxh5+ 1-0

[Event "San Sebastian de los Reyes op 15th"]
[Site "San Sebastian"]
[Date "2013.12.04"]
[Round "5"]
[White "Camarero Izquierdo, Juan Carlos"]
[Black "Serrano Martinez, Francisco Jose"]
[Result "1-0"]
[WhiteElo "1845"]
[BlackElo "1951"]
[PlyCount "87"]
[EventDate "2013.11.30"]
[EventType "swiss"]
[EventRounds "9"]
[EventCountry "ESP"]
[SourceTitle "CBM 157 Extra"]
[Source "ChessBase"]
[SourceDate "2013.12.19"]
[SourceVersion "1"]
[SourceVersionDate "2013.12.19"]
[SourceQuality "1"]

1. d4 Nf6 2. Nc3 d5 3. Bg5 Nbd7 4. Nf3 c5 5. dxc5 e6 6. e4 Bxc5 7. e5 h6 8. exf6 hxg5 9. fxg7 Rg8 10. Qe2 g4 11. Nd2 Qg5 12. 0-0-0 Rxg7 13. h4 Qe5 14. Qb5 a6 15. Qa4 Qd4 16. Bc4 dxc4 17. Nde4 b5 18. Qa5 Qe5 19. Rhe1 Qf4+ 20. Kb1 Bb7 21. Rxd7 Kxd7 22. Nxc5+ Kc6 23. N3e4 Qe5 24. Rd1 f5 25. Rd6+ Qxd6 26. Nxd6 Kxc5 27. Qc3 Rd7 28. Nxb7+ Kb6 29. a4 Kxb7 30. Qe3 Rd6 31. Qe5 Kc6 32. h5 Re8 33. h6 Rd1+ 34. Ka2 Rh1 35. Qg7 Kd6 36. h7 bxa4 37. Ka3 Rb8 38. Qd4+ Kc7 39. Qxc4+ Kd7 40. Qd4+ Kc6 41. Qxa4+ Kb6 42. Qd7 Ka5 43. Qc7+ Rb6 44. b4+ 1-0

[Event "Sanxenxo Carlos op 4th"]
[Site "Sanxenxo"]
[Date "2012.06.24"]
[Round "2"]
[White "Serrano Martinez, Francisco Jose"]
[Black "Espineira Gonzalez, Diego Adrian"]
[Result "1/2-1/2"]
[WhiteElo "1972"]
[BlackElo "2371"]
[PlyCount "60"]
[EventDate "2012.06.23"]
[EventType "swiss"]
[EventRounds "9"]
[EventCountry "ESP"]
[SourceTitle "CBM 149 Extra"]
[Source "ChessBase"]
[SourceDate "2012.08.24"]
[SourceVersion "1"]
[SourceVersionDate "2012.08.24"]
[SourceQuality "1"]

1. e4 e6 2. d4 d5 3. Nc3 Bb4 4. Nge2 Nf6 5. Bg5 dxe4 6. a3 Be7 7. Ng3 h6 8. Be3 0-0 9. Ngxe4 Nxe4 10. Nxe4 f5 11. Nc3 f4 12. Bc1 Nc6 13. Bd3 Nxd4 14. Qh5 Bd6 15. Qg6 Nf5 16. g4 fxg3 17. hxg3 Qf6 18. Qxf6 Rxf6 19. Ne4 Rf8 20. Bd2 Nd4 21. 0-0-0 Nf3 22. Be3 Be7 23. g4 b6 24. g5 hxg5 25. Rh5 g6 26. Rh6 Kg7 27. Nxg5 Nxg5 28. Rxg6+ Kf7 29. Bxg5 Bxg5+ 30. Rxg5 Bb7 1/2-1/2

[Event "Benidorm op U2200 10th"]
[Site "Benidorm"]
[Date "2011.12.09"]
[Round "9"]
[White "Romero Calduch, Sergio"]
[Black "Serrano Martinez, Francisco Jose"]
[Result "1-0"]
[WhiteElo "1889"]
[BlackElo "1980"]
[PlyCount "65"]
[EventDate "2011.12.02"]
[EventType "swiss"]
[EventRounds "10"]
[EventCountry "ESP"]
[SourceTitle "CBM 145 Extra"]
[Source "ChessBase"]
[SourceDate "2012.01.03"]
[SourceVersion "1"]
[SourceVersionDate "2012.01.03"]
[SourceQuality "1"]

1. d4 Nf6 2. c4 c5 3. d5 b5 4. cxb5 a6 5. bxa6 Bxa6 6. Nc3 d6 7. e4 Bxf1 8. Kxf1 g6 9. g3 Nbd7 10. Nf3 Bg7 11. Kg2 0-0 12. h3 Qb6 13. Re1 Rfb8 14. e5 dxe5 15. Nxe5 Nxe5 16. Rxe5 Rb7 17. Qf3 Ne8 18. Re2 Nd6 19. Bg5 Nf5 20. d6 exd6 21. Nd5 Qa6 22. Rae1 h6 23. Re8+ Kh7 24. Nc7 Rxc7 25. Rxa8 Qb5 26. Bd8 Rd7 27. h4 h5 28. b3 Be5 29. Qd5 Rxd8 30. Qxf7+ Kh6 31. Rxd8 Qa5 32. Rxe5 dxe5 33. Rh8# 1-0

[Event "Benidorm op U2200 10th"]
[Site "Benidorm"]
[Date "2011.12.03"]
[Round "2"]
[White "Serrano Martinez, Francisco Jose"]
[Black "Arnot, Robert"]
[Result "1-0"]
[WhiteElo "1980"]
[BlackElo "1850"]
[PlyCount "87"]
[EventDate "2011.12.02"]
[EventType "swiss"]
[EventRounds "10"]
[EventCountry "ESP"]
[SourceTitle "CBM 145 Extra"]
[Source "ChessBase"]
[SourceDate "2012.01.03"]
[SourceVersion "1"]
[SourceVersionDate "2012.01.03"]
[SourceQuality "1"]

1. e4 d5 2. exd5 Nf6 3. d4 Bg4 4. Be2 Bxe2 5. Qxe2 Qxd5 6. Nf3 Nc6 7. c4 Qe4 8. Nc3 Qxe2+ 9. Kxe2 e6 10. Bf4 0-0-0 11. Rhd1 Bd6 12. Bg5 h6 13. Be3 Ng4 14. h3 Nxe3 15. fxe3 Rhe8 16. a3 f5 17. b4 g5 18. Rf1 Bf8 19. Rad1 Bg7 20. g3 e5 21. d5 Nd4+ 22. Kd2 Nxf3+ 23. Rxf3 f4 24. gxf4 gxf4 25. exf4 e4 26. Re3 Bd4 27. Re2 e3+ 28. Kd3 Bxc3 29. Kxc3 Rf8 30. Rd4 Rf5 31. Rxe3 Rdf8 32. Rf3 Re8 33. Kd2 Rg8 34. Re4 c6 35. dxc6 bxc6 36. Re6 Rg2+ 37. Ke3 Rc2 38. Ke4 Rf7 39. Rxc6+ Kb7 40. b5 Re2+ 41. Kd3 Ra2 42. Kd4 a6 43. Rxa6 h5 44. f5 1-0

[Event "Collado Villalba op 28th"]
[Site "Collado Villalba"]
[Date "2011.08.30"]
[Round "8"]
[White "Serrano Martinez, Francisco Jose"]
[Black "Alcazar Jimenez, Jesus Alberto"]
[Result "1-0"]
[WhiteElo "1950"]
[BlackElo "2257"]
[PlyCount "63"]
[EventDate "2011.08.23"]
[EventType "swiss"]
[EventRounds "9"]
[EventCountry "ESP"]
[SourceTitle "CBM 144 Extra"]
[Source "ChessBase"]
[SourceDate "2011.10.28"]
[SourceVersion "1"]
[SourceVersionDate "2011.10.28"]
[SourceQuality "1"]

1. e4 c5 2. d4 e6 3. Nf3 cxd4 4. c3 d3 5. Bxd3 Nc6 6. c4 Qc7 7. 0-0 Nf6 8. Nc3 Ng4 9. e5 a6 10. Bf4 Ncxe5 11. Nxe5 Nxe5 12. Re1 d6 13. Rc1 b6 14. Be4 Ra7 15. b3 Be7 16. Be3 f5 17. Bxf5 exf5 18. Nd5 Qc6 19. Nxb6 f4 20. Nxc8 fxe3 21. Nxa7 exf2+ 22. Kxf2 Bh4+ 23. Kg1 Qc5+ 24. Kh1 Bxe1 25. Qxe1 Qxa7 26. c5 0-0 27. cxd6 Nd3 28. Qe6+ Kh8 29. Qf5 Nf2+ 30. Kg1 Qb8 31. Qxf8+ Qxf8 32. d7 1-0

[Event "Collado Villalba op-A 27th"]
[Site "Collado Villalba"]
[Date "2010.08.21"]
[Round "2"]
[White "Pastor Alonso de Prado, Emilio Alberto"]
[Black "Serrano Martinez, Francisco Jose"]
[Result "1-0"]
[WhiteElo "2195"]
[BlackElo "1985"]
[PlyCount "79"]
[EventDate "2010.08.20"]
[EventType "swiss"]
[EventRounds "10"]
[EventCountry "ESP"]
[SourceTitle "CBM 138 Extra"]
[Source "ChessBase"]
[SourceDate "2010.10.29"]
[SourceVersion "1"]
[SourceVersionDate "2010.10.29"]
[SourceQuality "1"]

1. e4 c5 2. Nf3 Nc6 3. Bb5 e6 4. 0-0 Nge7 5. Re1 a6 6. Bf1 d5 7. e5 Ng6 8. c3 Be7 9. d4 0-0 10. b3 b5 11. Bb2 Bb7 12. Na3 Rc8 13. Nc2 cxd4 14. cxd4 Nb4 15. Nxb4 Bxb4 16. Re3 Ne7 17. a3 Ba5 18. Bd3 Nf5 19. Bxf5 exf5 20. b4 Bb6 21. Nd2 f4 22. Rf3 Qg5 23. Nb3 Rc4 24. Bc1 Bc8 25. Bxf4 Qh5 26. Qd2 Bf5 27. Rc1 Rfc8 28. Nc5 Rxc1+ 29. Qxc1 a5 30. h3 axb4 31. axb4 Ra8 32. Ra3 Rxa3 33. Qxa3 Qd1+ 34. Kh2 g5 35. Bxg5 Qxd4 36. Qa8+ Kg7 37. Bf6+ Kh6 38. Qf8+ Kh5 39. g4+ Bxg4 40. Qxf7+ 1-0